BIBLIOTHÈQUE DE LA MAISON DU MEXIQUE

Logo 1 Logo 2

El arte en las iglesias de Cholula (notice nᵒ 8995)

détails MARC
000 -Sello discográfico
campo de control de longitud fija 00986nam a2200337 4500
005 - Identificación de versión
campo de control 20251016085125.0
035 ## - Otros números de control del sistema
Número de control del sistema 10567
099 ## - fechas locales
Tipo de ítem Koha LIBRO
100 ## - Datos de procesamiento general
Datos de procesamiento general 20021227d1974 m y1spay5003 ba
105 ## - Campo de datos codificados: Material textual, monográfico
Datos codificados de monografía a 001zy
200 1# - Título y mención de responsabilidad
Título propio El arte en las iglesias de Cholula
Designación general del material texto impreso
Primer mención de responsabilidad María Ester Ciancas
205 ## - Declaración de edición
Declaración de edición 1a ed
210 ## - Publicación, distribución, etc.
Lugar de publicación, distribución, etc. México
Nombre del editor, distribuidor, etc. Secretaría de Educación Pública
Fecha de publicación, distribución, etc. 1974
215 ## - Descripción física
Designación de material específico y extensión del ítem 198 p
Otras características físicas fot.
Dimensiones 17 cm
300 ## - Notas generales
Texto de la nota Incluye bibliografía p.196-198
345 ## - Nota de información de adquisición
Fuente de adquisición/dirección de la suscripción [OBSOLETO] Donación
410 #1 - Series
Título SepSetentas
Número de volumen 165
606 ## - Término temático usado como materia
Elemento de entrada Arquitectura
Subdivisión geográfica Puebla (México)
-- Cholula
Número Koha 15310
606 ## - Término temático usado como materia
Elemento de entrada Iglesias (Edificios)
Subdivisión geográfica Puebla (México)
-- Cholula
Número Koha 15311
660 ## - Código de área geográfica
Código MX
700 ## - Nombre personal - Responsabilidad primaria
Elemento de entrada Ciancas
Parte del nombre distinta del elemento de entrada María Ester
Número Koha 8009
801 #0 - Fuente de origen
Agencia cm
900 ## -
-- 1/3421
900 ## -
-- 7100215212\271202
942 ## - ELEMENTOS DE ENTRADA SECUNDARIOS (KOHA)
Tipo de ítem Koha Livre
996 ## -
-- MEX
-- 751145101
-- MMAG
-- 001856
-- 082 S479 V.165
-- 20200727LIV
Exemplaires
Estatus retirado Estado de daño Estado de pérdida Fecha de adquisición Biblioteca de origen Biblioteca actual Ubicación en estantería Código de barras Precio de reemplazo Signatura topográfica completa No para préstamo Tipo de ítem Koha Nota pública Nota no pública
      05/08/2025 Casa México Paris Casa México Paris   001856 05/08/2025 082 S479 V.165   Livre 20200727LIV 751145101